000 00743nam a2200265Ia 4500
003 OSt
005 20221006153741.0
006 a|||||r|||| 00| 0
007 ta
008 221006b |||||||| |||| 00| 0 chi d
020 _a9789576784439
_c250.00yuan
024 _a33,229
037 _bGift, PRC
_cAnnuals, Advances
040 _aEASL
_cEASL
_bchi
041 _2chi
_achi
082 _aM95.4295, 41P6
100 _aYU Xiao Ming Co.
_9665254
245 0 _aTaiwan Lao Zhao Pian Tuji
260 _aTaibei
_bGuo Jia Tushu guan Taiwan
_c2006
300 _a96p.
_ccm.
490 _v CL
650 _aCL
_9642733
942 _hM95.4295, 41P6
_cREF
_2CC
999 _c1101315
_d1101315